00960 a2200181 4500003000500000005001700005040000900022082001200031100002500043245008100068260003700149300001100186505039400197650002600591942002100617999001900638952012100657NUST20230130144033.0 cNust a920,WAL aWalker, Fred9108109 aDestination Unknown :bTHe Autobiographyy of a Wandering Boy /cWalker, Fred aLondonbGeorge Harrap & Coc1935 a283:p. aAdventure (Page-7), The Wild West (Page-23), Cowboys (Page-40), Arrested (Page-53), Frozen to Death (Page-69), The Earth Shakes (Page-83), In The Arctic (Page-96), I Kill A Man (Page-116), Pancho Villa (Page-127), The Argentine (Page-140), Nitrate (Page-175), Insulting the Bigwigs (Page-189), A Crazy Gangster (Page-222), Indians (Page-237), Headhunters (Page-268), Home Again (Page-279), aAutobiography9107439 2ddccBKk920,WAL c187183d187183 00102ddc4070aMCSbMCScGENd2016-12-12o920,WALpMCS29017r2016-12-08w2016-12-12yBKzAlmirah No.59, Shelf No.4